000 00647nas a2200241 4500
001 BR8305443
003 BR-BrBNA
005 20231205085705.0
007 ta
008 230509b bl.|||p| |||| 00| 00por d
040 _aBR-BrBNA
_bpor
_cBiblioteca Nacional de Agricultura
041 _a(Pt)
072 _aL72
100 1 _aAnon.
245 1 _aTenias dos bovinos e suinos [verminose]
650 _aBOVINO
650 _aTENIA
650 _aSUÍNO
650 _aVERMINOSE
773 0 _tBalde Branco (Brazil)
_xISSN 0005-4275
_g(Apr 1983), v. 18(222) p. 31-32
_wBR8305443
909 _a202311
_bLúcia
_c55
_dLúcia Elande
942 _2AGRIS
_n0
_cANA
999 _c113105
_d113105